Capitals of the americas with no repeating vowels - Statistics

General Stats
  • This quiz has been taken 30 times
  • The average score is 9 of 13
Answer Stats
Answer % Correct
Kingston
88%
Kingstown
88%
Lima
88%
Washington
81%
Quito
75%
Belmopan
69%
Bridgetown
69%
Roseau
69%
Saint johns
69%
Asuncion
63%
San Jose
63%
Castries
56%
Port au Prince
56%
No matching quizzes found
Score Distribution
Percent of People with Each Score
Percentile by Number Answered
Your Score History
You have not taken this quiz